| 000 | 01173cam a22003014a 4500 | ||
|---|---|---|---|
| 999 |
_c57735 _d57735 |
||
| 001 | 15528636 | ||
| 005 | 20201021133104.0 | ||
| 008 | 081119s2016 nyu b 001 0 eng | ||
| 020 | _a9789814670234 | ||
| 035 | _a(OCoLC)ocn225873609 | ||
| 041 | _aeng | ||
| 080 | _a616.89 K-51 | ||
| 100 | 1 |
_aKlamen, Debra L. _99624 |
|
| 245 | 1 | 0 |
_aPreTest psychiatry : _bPreTest self-assessment and review. |
| 264 |
_aNew York : _bMcGraw-Hill Medical, _c2009. |
||
| 300 |
_a302 p. ; _c21 cm. |
||
| 490 | 1 | _aPreTest self-assessment and review | |
| 504 | _aIncludes bibliographical references (p. 291) and index. | ||
| 650 | 0 |
_aPsychiatry _99625 |
|
| 650 | 1 | 2 |
_aMental Disorders _vExamination Questions. _99626 |
| 650 | 2 | 2 |
_aPsychotherapy _vExamination Questions. _99627 |
| 653 | _aმედიცინა | ||
| 653 | _aფსიქიკური აშლილობები | ||
| 653 | _aფსიქიატრია | ||
| 830 | 0 |
_aPreTest self-assessment and review _99628 |
|
| 942 |
_2udc _cBK |
||
| 955 |
_axh03 2008-11-20 _ard11 2008-11-20 _axe07 2009-05-28 1 copy rec'd., to CIP ver. _axh00 2009-06-01 to USPL/STM _aBarcode 00239808049 returned from bindery 2009-10-05 |
||